000
00317nam a22001337a 4500
008
181011b xxu||||| |||| 00| 0 eng d
020
_a
0898625122
041
_a
eng
080
_2
2nd
_a
159.9
100
_a
48
101
_a
PSI
245
_a
Behavioral Assessment of Childhood Disorders
_c
Mash,E.J
942
_2
udc
_c
BK
999
_c
49339
_d
49339